Visualizzazione normale
Vista MARC
- Celentano Adriano
di Personal Name
Records bibliografici associati: 1
001 - CONTROL NUMBER
- control field: 8639
003 - CONTROL NUMBER IDENTIFIER
- control field: IT-RoPau
005 - DATE AND TIME OF LATEST TRANSACTION
- control field: 20140110094921.0
008 - FIXED-LENGTH DATA ELEMENTS
- fixed length control field: 140110|| aca||aabn | a|a d
040 ## - CATALOGING SOURCE
- Original cataloging agency: IT-RoPau
- Transcribing agency: IT-RoPau
100 ## - HEADING--PERSONAL NAME
- Personal name: Celentano Adriano
- Relator term: Interprete e autore musica
- Miscellaneous information: Codice interprete e autore musica SPICS: 10821
670 ## - SOURCE DATA FOUND
- Source citation: Work cat.: (IT-RoPau)98854: Celentano Adriano 1546, Celentanando